Shoes : fashion and fantasy

Bibliographic Details
Main Author: McDowell, Colin
Format: Book
Published: Thames and Hudson , 1989
Subjects:

MARC

LEADER 00000cam a2200000 7i4500
001 0000058855
005 20160114.0
008 160114
020 |a 978-0500014698 
090 0 0 |a 391.413   |b MCD 
100 0 |a McDowell, Colin 
245 1 0 |a Shoes :   |b fashion and fantasy   |c Colin McDowell 
260 |b Thames and Hudson ,   |c 1989 
300 |a 224pg 
500 |a Includes index 
650 0 |a Shoe--History 
999 |a 0000324400   |b Book   |c Adult Collection   |e Cawangan Pontian 
999 |a 0000324402   |b Book   |c Adult Collection   |e Cawangan Muar